Bucoliques grecs

Saved in:
Bibliografiske detaljer
Format: Bog
Sprog:fransk
græsk
Udgivet: París, Francia Les Belles Lettres 1967
Udgivelse:Tercera edición
Serier:Collection des Universités de France
Fag:
Tags: Tilføj Tag
Ingen Tags, Vær først til at tagge denne postø!

MARC

LEADER 00000nam a2200000 a 4500
001 UCM7043
003 CL-VaPUC
005 20220318074006.0
008 021129e19670000FR |||||||||||||||||fre|d
999 |c 302078  |d 302076 
040 |c Pontificia Universidad Católica de Valparaíso 
041 0 7 |a fre  |2 CL-VaPUC 
041 0 7 |a gre  |2 CL-VaPUC 
082 0 4 |a 881 BUC 1967  |2 21 
245 1 0 |a Bucoliques grecs 
250 |a Tercera edición 
260 0 3 |a París, Francia  |b Les Belles Lettres  |c 1967 
300 |a v 
490 0 |a Collection des Universités de France 
505 |a v.2: Pseudo-Théocrite, Moschos Bion Divers. 
583 |a last modification  |c 20021129 00:00:00  |k Rodrigo Vera 
600 0 7 |a TEOCRITO  |2 CL-VaPUC  |9 440560 
650 0 |a Poesía griega  |9 265627 
650 7 |a POESIAS PASTORALES GRIEGAS  |2 CL-VaPUC  |9 450606 
650 7 |a LITERATURA GRIEGA  |2 CL-VaPUC  |9 258054 
942 |c BK  |2 ddc 
945 |d 20021129 00:00:00  |a cmena 
952 |0 0  |1 0  |2 ddc  |4 0  |6 881_000000000000000_BUC_1967  |7 0  |8 DER_ROM  |9 362100  |a BIBDER  |b BIBDER  |d 2019-11-21  |h v.2  |i 3863379  |l 1  |o 881 BUC 1967  |p 3863379  |r 2023-01-25  |s 2020-03-17  |t 1  |w 2019-11-21  |x Ubicación 4to piso  |y BK  |z Este recurso debe solicitarse con anticipación  |k DER 
952 |0 0  |1 0  |2 ddc  |4 0  |6 881_000000000000000_BUC_1967  |7 0  |8 DER_ROM  |9 362101  |a BIBDER  |b BIBDER  |d 2019-11-21  |h v.2  |i 3863387  |l 1  |o 881 BUC 1967  |p 3863387  |r 2023-01-25  |s 2020-03-17  |t 2  |w 2019-11-21  |x Ubicación 4to piso  |y BK  |z Este recurso debe solicitarse con anticipación  |k DER